000 00344nam a22001457a 4500
003 SGT
020 _a978939191208103
082 _a615.321
_bRAJ
100 _aRAJA DR R RAMASURAMANIA
245 _aPHARMACOGNOSY AND PHYTOPHARMACEUTICAL LAB
260 _aINDIA
_bIP PUB
_c2022
300 _a73
650 _aPHARMACOGNOSY
942 _2ddc
_cBK
999 _c34251
_d34251